| 000 | 00794cam a22002657a 4500 | ||
|---|---|---|---|
| 003 | CHAP | ||
| 005 | 20220329141548.0 | ||
| 008 | 971013s r 00010 d | ||
| 010 | _a70166 | ||
| 011 | _a71138 | ||
| 035 | _a80692 | ||
| 040 | _cCHAP | ||
| 090 | _aR-2919 | ||
| 100 | 0 | 0 |
_aCaetano, María Filomena Frazao. _917078 |
| 245 | 1 | 4 | _aUma grave doenca das cupressáceas em Portugal |
| 500 | _aSobretiro de: Agros 63 (3): 5-10, 1980 | ||
| 590 |
_aBATCH-UPD _b10 _c20130110 _lUCH01 _h0511 |
||
| 590 |
_aBATCH-UPD _b10 _c20130410 _lUCH01 _h0149 |
||
| 590 |
_aBATCH-UPD _b10 _c20130914 _lUCH01 _h0806 |
||
| 590 |
_aCONVERSION _b10 _c20130109 _lUCH01 _h1339 |
||
| 650 | 1 | 4 |
_aCiprés _xEnfermedades. _923349 |
| 901 | _aBK | ||
| 942 | _cREIMP | ||
| 949 |
_aR-2919 _bBC _cR _d-33596 _eTS1 _i80692 _mD _si |
||
| 999 |
_c70166 _d70166 |
||